| 000 | 01612nam a2200361 i 4500 | ||
|---|---|---|---|
| 001 | 000016855 | ||
| 003 | DO-SdBNP | ||
| 005 | 20250725114152.0 | ||
| 007 | ta | ||
| 008 | 100311s2010 dr 000 0 spa d | ||
| 020 | _a9789945408362 | ||
| 040 |
_aDO-SdBNP _bspa _cBNPHU _erda |
||
| 041 | _aspa | ||
| 082 | 4 |
_a320.97293 _bC436i _222 |
|
| 100 | 1 |
_aChaljub Mejía, Rafael, _d1942- _eautor _4aut. _918985 |
|
| 245 | 1 | 3 |
_aLa izquierda ante una nueva oportunidad / _cRafael Chaljub Mejía ; corrección, Edison Núñez ; ilustración, Jeremías Ortega. |
| 250 | _aPrimera edición | ||
| 264 | 4 |
_aSanto Domingo, República Dominicana : _bEditorial Argos, _c©2010. |
|
| 300 |
_a110 páginas ; _c22 cm. |
||
| 336 |
_atexto _btxt _2rdacontent |
||
| 337 |
_asin mediación _bn _2rdamedia |
||
| 338 |
_avolumen _bnc _2rdacarrier |
||
| 500 | _aIncluye datos biográficos del autor en la solapa de la cubierta. | ||
| 505 | 0 |
_aNota preliminar, 5 -- _tPresentación, 9-- _tLas consecuencias del vendaval, 17 -- _tEl imperialismo sigue siendo el mismo, 32 -- _tLa lucha de carácter nacional, 46-- _tEl trabajo político en primer plano, 71 -- _tEl retorno a los frentes fundamentales, 90 |
|
| 590 | _aInventariado, 2018/ YL | ||
| 650 | 4 |
_aIzquierdas (política) _xEnsayos, conferencias, etc. _934561 |
|
| 650 | 4 |
_aParticipación política _zRepública Dominicana _914012 |
|
| 650 | 4 |
_aImperialismo _xEnsayos, conferencias, etc. _937318 |
|
| 700 | 1 |
_aNúñez, Edison, _ecorrector _4corr. _99443 |
|
| 700 | 1 |
_aOrtega, Jeremías, _eilustrador _4il. _988432 |
|
| 910 | _aValidado. Control de calidad EMS. | ||
| 942 |
_2ddc _cLBS1 |
||
| 999 |
_c16387 _d16387 |
||